STRUCTURE OF THE NEW BOKU CURRICULA "WOOD AND BIOBASED FIBRE TECHNOLOGY AND MANAGEMENT"

Bibliographic Details
Main Author: Teischinger, Alfred (Author)
Format: Article
Language:English
Subjects:

MARC

LEADER 00000naa a2200000 a 4500
001 vtls011849687
003 SK-MaSNL
005 20260302134047.0
008 210910|2004 xo |||||||||||||||||eng|
015 |a SNBCL 
035 |a (urnnbn)urn:nbn:sk:snk:ar-a0aqzo 
035 |a urn:nbn:sk:snk-aaw50f 
035 |a (uuid)4e5c32a0-fa5e-4b6c-99a1-3b2cfb2b64a4 
040 |a SNKBUCL  |b slo  |c SNKBUCL  |e AACR2 
041 |a eng 
044 |a xo  |c SK 
100 1 |a Teischinger, Alfred  |4 aut  |9 777221 
245 1 0 |a STRUCTURE OF THE NEW BOKU CURRICULA "WOOD AND BIOBASED FIBRE TECHNOLOGY AND MANAGEMENT"  |c Alfred Teischinger 
336 |a text  |b txt  |c rdacontent 
337 |a bez média  |b n  |c rdamedia 
338 |a zväzok  |b nc  |c rdacarrier 
655 7 |a články zo zborníkov  |2 snkbucl  |9 166140 
773 0 |t Wood science  |d Zvolen : Arbora Publishers, 2004  |g S. 75-78  |z 8096886819 
958 |a OND 
958 |a article26 
958 |a chapter 
999 |c 1319829  |d 1321759